000 00282nam a22001337a 4500
003 SGT
082 _a617.63
_bL16B
100 _aBHAGAT, ANKUR
245 _aLIPID PROFILE ESTIMATION IN PATIENTS
260 _aSGTU
_c2016
300 _a61
650 _aOMR DENTAL
942 _2ddc
_cTH
999 _c20621
_d20621